00887nam a22002412a 450000100060000000300060000600500170001200800410002903500350007004000510010504100080015608200220016409200160018610000460020224501080024826000400035630000180039650000380041465000230045294200120047599900170048795201410050474674UkOxU20211209082603.0860101r19261924enk 000 0 eng c aOCLC ocm14127594 from D960423M aLibrary, U.S. Bur. of EducationcEYPdEQObeng aeng 223a150bMAP 1926 aD05038388891 aMartin, Everett Dean,d1880-1941.922496910aPsychology, what it has to teach you about yourself and the world you live in /cby Everett Dean Martin aLondon :bJ. Cape, limited,c[1926] a380 p.c20 cm aFirst published in New York, 1924 0aPsychology9224970 2ddccBK c74674d74674 00102ddc40718NFICaRUCLbRUCLcReadingd1956-03-08eB.H. black Wellg0.55l0o150 MAP 1926r2018-11-17 00:00:00tC-1w2018-11-17yBK